00475nam a2200157Ia 450000100060000000800410000602000150004704000130006208200230007510000200009824501080011826000460022654600070027265000240027970000140030368306150819s9999 xx 000 0 und d a0863079016 cPK-LaUMT aRCC 580.3022bMAR- aMoore, David M. 4aThe Marshall Cavendish illustrated encyclopedia of plants and earth sciencescMoore, David M.|[et al, ] aNew York, USA:bMarshall Cavendish,c1990 aEN aBotany dictionaries a[et al, ]